Reversed World Map Quiz - Statistics

General Stats
  • This quiz has been taken 199 times
    193 since last reset
  • The average score is 54 of 196
Answers on the Map
Answers color-coded by a green-red scale on the quiz's map according to % correct below.
 
Answer Stats
Answer % Correct
adanaC
58%
setatS detinU
58%
abuC
50%
aciamaJ
50%
aciR atsoC
50%
nedewS
50%
ocixeM
50%
acinimoD
42%
acirfA htuoS
42%
adanerG
42%
adnagU
33%
adnawR
33%
aibmoloC
33%
airtsuA
33%
aissuR
33%
aiviloB
33%
aknaL irS
33%
alametauG
33%
aleuzeneV
33%
amanaP
33%
anayuG
33%
anitnegrA
33%
arrodnA
33%
atlaM
33%
augaraciN
33%
ayneK
33%
cilbupeR nacinimoD
33%
dnalecI
33%
dnalerI
33%
dnalniF
33%
dnalreztiwS
33%
eceerG
33%
ecnarF
33%
elihC
33%
emaniruS
33%
eniarkU
33%
enoeL arreiS
33%
epicnírP dna émoT oãS
33%
ezileB
33%
gruobmexuL
33%
kramneD
33%
lagutroP
33%
lizarB
33%
modgniK detinU
33%
muigleB
33%
natsikebzU
33%
nemeY
33%
niapS
33%
ogaboT dna dadinirT
33%
rodaucE
33%
rodavlaS lE
33%
samahaB
33%
sarudnoH
33%
sdnalrehteN
33%
senippilihP
33%
ureP
33%
yaugaraP
33%
yaugurU
33%
yawroN
33%
ylatI
33%
ynamreG
33%
adubraB dna augitnA
25%
aeniuG
25%
aeniuG
lairotauqE
25%
aeniuG weN aupaP
25%
aeroK htroN
25%
aeroK htuoS
25%
aertirE
25%
aibarA iduaS
25%
aibimaN
25%
aibmaG
25%
aibmaZ
25%
aibreS
25%
aidnI
25%
aidobmaC
25%
aigroeG
25%
aikavolS
25%
ailamoS
25%
ailartsuA
25%
ailognoM
25%
ainablA
25%
ainamoR
25%
ainatiruaM
25%
ainauhtiL
25%
ainaznaT
25%
ainemrA
25%
ainevolS
25%
ainotsE
25%
aipoihtE
25%
airagluB
25%
airebiL
25%
airegiN
25%
aireglA
25%
airyS
25%
aisenodnI
25%
aisenorciM fo
setatS detaredeF
25%
aisyalaM
25%
aitaorC
25%
aivtaL
25%
alognA
25%
anahG
25%
anawstoB
25%
anihC
25%
aomaS
25%
avodloM
25%
cilbupeR
nacirfA lartneC
25%
cilbupeR hcezC
25%
dahC
25%
ainodecaM htroN
25%
anivogezreH dna ainsoB
25%
dnalaeZ weN
25%
dnaliahT
25%
dnaloP
25%
edreV epaC
25%
eropagniS
25%
euqibmazoM
25%
ewbabmiZ
25%
hsedalgnaB
25%
idnuruB
25%
ienurB
25%
ilaM
25%
initawsE
25%
itabiriK
25%
itiaH
25%
ituobijD
25%
iwalaM
25%
lageneS
25%
lapeN
25%
learsI
25%
manteiV
25%
nadroJ
25%
naduS
25%
naduS htuoS
25%
najiabrezA
25%
namO
25%
napaJ
25%
narI
25%
natshkazaK
25%
natsikaP
25%
natsikijaT
25%
natsinahgfA
25%
natsinemkruT
25%
natszygryK
25%
natuhB
25%
nawiaT
25%
niarhaB
25%
nietsnethceiL
25%
nineB
25%
nobaG
25%
nonabeL
25%
nooremaC
25%
ocanoM
25%
occoroM
25%
ognoC eht
fo cilbupeR
25%
ognoC eht
fo cilbupeR
citarcomeD
25%
ogoT
25%
ohtoseL
25%
oniraM naS
25%
orgenetnoM
25%
osaF anikruB
25%
ovosoK
25%
qarI
25%
racsagadaM
25%
ramnayM
25%
rataQ
25%
regiN
25%
romiT tsaE
25%
sdnalsI nomoloS
25%
sellehcyeS
25%
setarimE
barA detinU
25%
sevidlaM
25%
soaL
25%
soromoC
25%
suitiruaM
25%
suraleB
25%
surpyC
25%
tiawuK
25%
tpygE
25%
tsaoC yrovI
25%
uassiB-aeniuG
25%
utaunaV
25%
yekruT
25%
yragnuH
25%
ytiC nacitaV
25%
agnoT
17%
aisinuT
17%
aybiL
17%
sdnalsI llahsraM
17%
senidanerG eht dna
tnecniV tniaS
17%
sodabraB
17%
ualaP
17%
uruaN
17%
aicuL tniaS
8%
ijiF
8%
siveN dna sttiK tniaS
8%
ulavuT
8%
No matching quizzes found
Score Distribution
Percent of People with Each Score
Percentile by Number Answered
Your Score History
You have not taken this quiz since the last reset